000 01011nam a2200277Ia 4500
003 OSt
005 20220923220435.0
006 a|||||r|||| 00| 0
007 ta
008 220922b |||||||| |||| 00| 0 hin d
024 _a186,660
037 _cTextual
040 _aARTS
_cARTS
_bhin
041 _2hin
_ahin
082 _aX:3Mv2'N, 152L7
100 _aबिपन चन्द्र
_9156291
245 0 _aभारत में आर्थिक राष्ट्रवाद का उद्भव और विकास
246 _aBhārat mean ārthik rāṣhṭravād kā udbhav aur vikāsa
250 _aसंस्क0 2
260 _aदिल्ली
_b अनामिका प्रकाशन
_c1977
300 _a701 पृ.
_ccm.
650 _a भारतीय अर्थव्यवस्था
650 _aअर्थशास्त्र
942 _hX:3Mv2'N, 152L7
_cTEXL
_2CC
999 _c339903
_d339903